| 000 | 00496nam a22001697a 4500 | ||
|---|---|---|---|
| 005 | 20180823155722.0 | ||
| 008 | 120204t xxu||||| |||| 00| 0 eng d | ||
| 020 |
_a0074633732 _c00.00 |
||
| 035 | _aA-904691, A-904695 | ||
| 040 |
_aDPL _bENG |
||
| 100 |
_aSheldon, Tom _940816 |
||
| 245 |
_aWinows 95 made easy / _cby Tom Sheldon |
||
| 250 | _a5th rpr. | ||
| 260 |
_aNew Delhi _bTata McGraw-Hill Publishing _c1998 |
||
| 300 |
_a718p. _c20 cms. |
||
| 942 |
_2ddc _cEN _h005.43 _mSHE |
||
| 999 |
_c61974 _d61974 |
||